| 000 | 00356nam a2200133Ia 4500 | ||
|---|---|---|---|
| 005 | 20251222143257.0 | ||
| 008 | 251222s9999||||xx |||||||||||||| ||spa|| | ||
| 020 | _a84-277-1443-2 | ||
| 082 | _a370.7/L21 | ||
| 100 | _aDomínguez Aranda, Rosa | ||
| 245 | 0 | _aLa Construcción de Procesos Formativos en Educación no Formal | |
| 264 | _bNarcea | ||
| 942 | _cLIB | ||
| 999 |
_c15201 _d15201 |
||